| 000 | 01118nam a22002297a 4500 | ||
|---|---|---|---|
| 999 |
_c2376 _d2376 |
||
| 003 | AR-CdUCM | ||
| 008 | 190304b ||||| |||| 00| 0 spa d | ||
| 040 |
_aMUNICIPALIDAD PROVINCIAL DEL CUSCO _cBIBLIOTECA MUNICIPAL DEL CUSCO |
||
| 082 |
_a330.122 / _bV32 |
||
| 100 |
_aVargas Salinas, Rafael Fernando _98538 |
||
| 245 |
_aApuntes sobre el pensamiento liberal económico : _bde Smith al nuevo modelo de libre mercado / |
||
| 260 |
_aCusco : _bInstituto de Investigaciones en Ciencias Económicas, _c2011. |
||
| 300 |
_a93 páginas ; _bretratos, _c21 cm. |
||
| 505 | _aContenido: El pensamiento nuevo capitalista -- Las escuelas liberales del siglo XX -- El nuevo liberalismo económico de Hayek -- Crítica al "Modelo económico Liberal" -- Crítica del modelo económico impulsado desde el FMI ... | ||
| 650 |
_aSistemas económicos _98539 |
||
| 650 |
_aEscuela austriaca de economía _98540 |
||
| 650 |
_aLibre empresa _98541 |
||
| 710 |
_aUniversidad Nacional San Antonio de Abad (Cusco) _91879 |
||
| 710 |
_aInstituto de Investigaciones en Ciencias Económicas _98542 |
||
| 942 |
_2ddc _cLIBROS |
||
| 945 | _araen | ||